000 00517nam a22001817a 4500
008 210324b xxu||||| |||| 00| 0 eng d
020 _a9788126533985
082 _a809/H113h
100 _aHabib, M.A.R
245 _aA history of literary criticism and theory:
_bFrom plato to the present
260 _aNew Delhi:
_bBlackwell Publishing,
_c2012.
300 _aix, 838p.
504 _aBibliography: p.777-790
650 _aCriticism
650 _aEnglish literature
650 _aLiterature
942 _2ddc
_cGEN
999 _c99026
_d99015